000 01413cam a2200349Ia 4500
001 sin00hart
003 CaSfIA
005 20210119082417.0
007 cr||||
008 930617r19931992nyu 000 1 eng d
010 _z 92053853
040 _aMLN
_cMLN
_dSLC
_dOCL
_dBAKER
_dBTCTA
_dCaSfIA
020 _a0804110972 :
_c$5.99
020 _a9780804110976
035 _a(OCoLC)28289035
050 4 _aPR6058.A694845
_bS57 1993x
100 1 _aHart, Josephine.
245 1 0 _aSin /
_h[electronic resource]
_cJosephine Hart.
250 _a1st Ballantine Books ed.
260 _aNew York :
_bIvy Books,
_c1993, c1992.
300 _a169 p. ;
_c18 cm.
500 _aOriginally published: New York : A.A. Knopf, 1992.
650 0 _aJealousy
_vFiction.
655 7 _aPsychological fiction.
_2lcsh
856 4 1 _uhttp://www.archive.org/details/sin00hart
_zFree eBook from the Internet Archive
856 4 2 _uhttp://www.openlibrary.org/books/OL24594910M
_zAdditional information and access via Open Library
029 1 _aNZ1
_b4512155
029 1 _aAU@
_b000010391823
942 _cEB
506 _fНеобхідна авторизація на https://archive.org/ (створення облікового запису безкоштовно)
506 _fНеобхідна авторизація на https://openlibrary.org/ (створення облікового запису безкоштовно)
999 _c549142
_d549142